Normal view
MARC view
- Writing for broad casting
Entry Topical Term
001 - CONTROL NUMBER
- control field: 110294
003 - CONTROL NUMBER IDENTIFIER
- control field: NUST
005 - DATE AND TIME OF LATEST TRANSACTION
- control field: 20230315095920.0
008 - FIXED-LENGTH DATA ELEMENTS
- fixed length control field: 230315|| aca||aabn | a|a d
040 ## - CATALOGING SOURCE
- Original cataloging agency: NUST
- Transcribing agency: NUST
150 ## - HEADING--TOPICAL TERM
- Topical term or geographic name entry element: Writing for broad casting
670 ## - SOURCE DATA FOUND
- Source citation: Work cat.: (NUST)185315: Wilson, G. Whittaker 110293, Writing for Broad Casting /, 1935
